Loading...
Beliefs | 0 | 1 | 0 | 0 | 10 | 141 | 141.00 | 0 | 0 |
History - World History | 0 | 1 | 0 | 1 | 10 | 139 | 139.00 | 0 | 0 |
Literature - British Literature | 0 | 1 | 0 | 0 | 10 | 154 | 154.00 | 0 | 0 |
Science - Other Science | 0 | 1 | 0 | 1 | 10 | 142 | 142.00 | 0 | 0 |
Fine Arts - Other Fine Arts | 0 | 1 | 0 | 1 | 10 | 162 | 162.00 | 0 | 0 |
Fine Arts - Visual Fine Arts | 0 | 1 | 0 | 1 | 10 | 146 | 146.00 | 0 | 0 |
Geography | 0 | 1 | 0 | 0 | 10 | 106 | 106.00 | 0 | 1 |
History - Other History | 0 | 1 | 0 | 0 | 10 | 89 | 89.00 | 0 | 0 |
Fine Arts - Classical Music and Opera | 0 | 0 | 0 | 0 | 0 | 0.00 | 0 | 0 | |
Social Science | 0 | 0 | 0 | 0 | 0 | 0.00 | 0 | 0 | |
Literature - American Literature | 0 | 0 | 0 | 0 | 0 | 0.00 | 0 | 0 |